000
00335 a2200157 4500
001
160926
020
_a
978-85-8392-107-3
040
_c
Magnum
100
_a
Barbosa, Nair de Medeiros
240
1
0
_a
Um superamigo
_l
por
245
1
0
_a
Um superamigo
300
_a
21
362
0
_a
2017
697
_a
LITERATURA INFANTIL
942
_c
BK
999
_c
160926
_d
160926